00935nam a2200277Ia 450000500170000000800410001702000190005810000270007724500770010425000390018130000430022049000110026365000410027465000420031565000370035765000360039470000290043094200150045926400340047433600270050833700330053533800280056804000350059608400110063199900150064220220317001135.0160825s2009 ck a g 000 0 spa  a978958300880121 aNoguera Arrieta, Luisa10aUn lugar para ticLuisa Noguera Arrieta ; ilustrado por Henry González a1a. edición b8a. reimpresión  a128 páginas bilustraciones c20 cm  aCorcel142LEMBaCuentos infantiles colombianos142LEMBaLiteratura infantil colombiana 142LEMBaMascotas en la literatura 142LEMB aPerros en la literatura 1 aGonzález, Henry910755 2loccBKLIT aBogotá bPanamericanac2009 atextobtxt2rdacontent asin mediaciónbn2rdamedia avolumenbnc2rdacarrier aCO-BoRNBPbspaerdacCO-BoRNBP aN NOG1 c6049d6049